| 000 | 01292nam a22002057a 4500 | ||
|---|---|---|---|
| 008 | 161117b xxu||||| |||| 00| 0 eng d | ||
| 020 | _a9780078110894 | ||
| 050 |
_aHF5657.4 _b.E35 2011 |
||
| 100 | _aEdmonds, Thomas P | ||
| 245 |
_aFundamental managerial accounting concepts / _cThomas P. Edmonds, Bor- Yi Tsay, Philip R. Olds |
||
| 250 | _a6th ed | ||
| 260 |
_a New York : _bMcGraw-Hill Irwin, _c2011 |
||
| 300 |
_axxxiii, 714 p. : _bcol. ill. ; _c29 cm |
||
| 500 | _aIncludes index | ||
| 505 | _a Management accounting and corporate governance -- Cost behavior, operating leverage, and profitability analysis - - Analysis of cost, volume, and pricing to increase profitability -- Cost accumulation, tracing, and allocation -- Cost management in an automated business environment: ABC, ABM and TQM -- Relevant information for special decisions -- Planning for profit and cost control -- Performance evaluation -- Responsibility accounting -- Planning for capital investments -- Product costing in service and manufacturing entities -- Job-order, process, and hybrid costing systems -- Financial statement analysis -- Statement of cash flows | ||
| 650 | _aManagerial accounting | ||
| 700 | _aTsay, Bor-Yi | ||
| 700 | _aOlds, Philip R | ||
| 942 |
_2lcc _cBK |
||
| 999 |
_c47301 _d47301 |
||